| 000 | 00453cam a22001331 4500 | ||
|---|---|---|---|
| 082 |
_a621.56 _bREF |
||
| 100 | 1 |
_aGriffths, Ezer, _942202 |
|
| 245 | 1 | 0 |
_aRefrigeration principles and practice. _cPrincipal contributors: Thomas Bedford [and others] |
| 260 |
_aLondon, _bG. Newnes _c[1951] |
||
| 300 |
_a579 p. _billus. _c23 cm. |
||
| 526 |
_a0 _b0 _c0 _d621_560000000000000_REF |
||
| 650 | 0 |
_aRefrigeration and refrigerating machinery. _919031 |
|
| 942 |
_2ddc _cBK |
||
| 999 |
_c546131 _d546131 |
||